000 02086nam a22001577a 4500
082 _a629.8
100 _aKhan, Saman
_9120661
245 _aBall Interception in Humanoid Robot Soccer /
_cSaman Khan
264 _aIslamabad :
_bSMME- NUST;
_c2022.
300 _a70p.
_bSoft Copy
_c30cm
500 _aHumanoid Robots are widely used in various real-world applications which contributed in raising the interest of researchers to enhance Robot development and deployment in dynamic environments. Robocup Soccer league is a platform for qualitative development in the fields of Robot Kinematics and Dynamics, Motion Planning and Control, Navigation, Computer Vision and Machine Learning. New challenges are introduced each year for teams that aim to improve robot behaviors in real world scenarios. One of the most popular leagues in Robocup is Standard Platform League that majorly focuses on improving individual robot capabilities, team capabilities and coordinated strategies in dynamic soccer matches played by teams of Aldebaran Nao humanoid robots. The robots with capability to quickly gain ball possession from opponent by intercepting the moving ball path will contribute to a better defense strategy. The aim of this study is to improve individual robot and team skills during game scenarios where ball is moving using motion primitives and geometric parameters. The proposed strategy is used to compute the interception point using geometric equations given the ball position and velocity information. The robot response is dependent on factors including initial position and velocities of robot and ball. Furthermore, to demonstrate the feasibility of proposed approach, different scenarios with single and multi-agents are simulated using SimRobot. Simulations validate the effectiveness of proposed algorithm in moving ball interception scenario.
650 _aMS Robotics and Intelligent Machine Engineering
_9119486
700 _aSupervisor : Dr. Sara Ali
_9119733
856 _uhttp://10.250.8.41:8080/xmlui/handle/123456789/31991
942 _2ddc
_cTHE
999 _c607825
_d607825